Quizzes
Events
Quiz Creation
Community
Videos
Private Events
Remove Ads
Sign In
Join for FREE
Feedback
Dark Mode
Quiz Categories
Sports
Geography
Music
Movies
Television
Just For Fun
Miscellaneous
History
Literature
Language
Science
Gaming
Entertainment
Religion
Holiday
For Kids
Quiz Lab
Recent
Popular Today
Quiz Kudos Today
Editor Picks
Curator Picks
Quizzes by...
Day
Popularity
Type
Ratings
Length
Year
Community
Subscriptions
Recent Discussions
Orange Saloon
Badges
Playlists
Quests
Create
Leaderboards
Showdown
Live 5
Trivia Bingo
Activity
Puzzle Library
Sporcle Events
Private Events
Virtual Trivia
Globe League
Become a Host
Pub Owners
SporcleCon
Opinionation
Our Games
Videos
Blog
Mobile Apps
Partnerships
Remove Ads and Go Orange
Feedback
Sports
Athletes
MLB
NBA
NHL
NFL
Soccer
Sports Teams
WWE
NCAA
Football
Premier League
Basketball
Baseball
Hockey
Golf
Tennis
Cricket
Rugby
Auto Racing
Olympics
World Cup
Sports
Athletes
MLB
NBA
NHL
NFL
Soccer
Sports Teams
WWE
NCAA
Football
Premier League
Basketball
Baseball
Hockey
Golf
Tennis
Cricket
Rugby
Auto Racing
Olympics
World Cup
Random Quiz
Search Sporcle
×
Quiz Lab
Quiz Lab
Sports
Premier League
Type in answers that appear in a list
Type in answers that appear in a list
Classic
Best Score? Go Orange.
Arsenal top scorers Stats
Can you name Arsenal's top scorers in the Premier League era?
By
kevbeirne
3m
24 Questions
688 Plays
688 Plays
688 Plays
Comments
Comments
Give Quiz Kudos
Give Quiz Kudos
-
- Ratings
hide this ad
More Info
Replay
Link that replays current quiz
Next Quiz
Link to next quiz in quiz playlist
You Got
0%
They Got
Avg Score
93%
Avg Friend Score
Upgrade to see
Score Distribution
Jump to the score distribution portion of the page
Score
0/24
Timer
03:00
0
Plays Today
Season
Player
% Correct
1999/
2000
Thierry Henry
99.9%
2001/
02
Thierry Henry
99.9%
2002/
03
Thierry Henry
99.9%
2000/
01
Thierry Henry
99.9%
2003/
04
Thierry Henry
99.9%
2004/
05
Thierry Henry
99.9%
2005/
06
Thierry Henry
99.9%
2006/
07
Robin van Persie
96.4%
2008/
09
Robin van Persie
96.4%
2010/
11
Robin van Persie
96.4%
2011/
12
Robin van Persie
96.4%
2013/
14
Olivier Giroud
94.5%
Season
Player
% Correct
2014/
15
Alexis Sanchez
94.5%
2015/
16
Olivier Giroud
94.5%
1992/
93
Ian Wright
93.8%
1993/
94
Ian Wright
93.8%
1994/
95
Ian Wright
93.8%
1995/
96
Ian Wright
93.8%
1996/
97
Ian Wright
93.8%
1997/
98
Dennis Bergkamp
91.3%
2012/
13
Theo Walcott
84.2%
2007/
08
Emmanuel Adebayor
80.8%
1998/
99
Nicolas Anelka
75.6%
2009/
10
Cesc Fabregas
74.7%
Quiz Playlist
Details
Report
Send in Message
Add To Playlist
More Info:
Can you name Arsenal's top scorers in the Premier League era?
Classic:
Type in answers that appear in a list
Last Updated: Feb 16, 2017
Quiz Scoreboard
CHALLENGE
Sign Up to Join the Scoreboard
Show All
Scores
Hide
Comments
May contain spoilers
Recently Published
An Introduction to Baseball
by treessimontrees
Sports
5m
Movies - When Are They Set?
by FPL_Elf
Movies
5m
Popular People in 1961
by mucciniale
History
6m
More to Explore
Quiz From the Vault
Featured Blog Post
Where Did the Easter Bunny Come From?
hide this ad
You Might Also Like...
Tags
Football Quiz
Premier League Quiz
Arsenal
Arsene Wenger
Football Clubs
Footballer
Football Highest
Football Team
Top Football
Today's Top Quizzes in Sports
Browse Sports
hide this ad
Today's Top Quizzes in Premier League
Browse Premier League
Top Contributed Quizzes in Sports
1
Les meilleurs buteurs des matchs entre le PSG et l’OM
2
2022 World Cup Stars
3
FIFA Club World Cup Champions
4
Les entraîneurs de l'OM et du PSG au 21e siècle
5
Name the Premier League winners with different clubs
6
La finale Lions - Afrique du Sud 2021
7
Criteria MLB: Left Handed Sluggers
8
Les joueurs passés par le LOSC et le RC Lens
9
Players with Multiple 50 Home Run Seasons
10
MLB Players with Two .350 Batting Average Seasons
Explore More
Trending Topics
Harry Potter
Disney
NBA
Marvel
Kpop
Anime
Crossword
Pokémon
WWE
Song
Soccer
Country
Puzzle
The Office
NFL
hide this ad
More By:
kevbeirne
Quiz
Plays
Rating
Category
Featured
Created
Premier League Top Scorer For Each Age
23,498
4.79
Sports
Jan 27, 2017
Former Manchester United Squad Numbers
12,541
4.20
Sports
Sep 2, 2016
Man United goalscorers 2016/17
6,624
3.00
Sports
May 26, 2017
English League Cup Winners
5,081
4.00
Sports
Sep 21, 2016
Ireland's 1994 World Cup Squad
4,792
Sports
Jun 18, 2019
Go to Creator's Profile
Score Distribution
Quiz Creator Spotlight
kevbeirne
Follow
Send a Message
Quizzes Created
-
Created Quiz Play Count
-
More By This Creator
Popular Quizzes Today
1
Find the Countries of Europe - No Outlines Minefield
2
Find the US States - No Outlines Minefield
3
The Countries of the World
4
Popular People in 1961
5
US States
6
1-10 Letter E Words III
7
Find the US States
8
One Thing in Common: World Cities II
More Sports Quizzes
Bundesliga Winners XIs 2021-2030
Quiz Lab
Trending Quizzes
Risky Map Clicking: Least Populous States A-Z
1-10 Letter F Words
1-10 Letter G Words
One Thing in Common: United Kingdom
Risky Map Clicking: Next State Alphabetically
Recently Updated
Leaping Animals
pecheneg
Reality TV Shows (A-Z)
bhenderson79
Rickey Henderson's Hall of Fame Teammates
pecheneg
Champions League XIs: Arsenal
pecheneg
Quick Pick: Celebrities in WWE's Hall of Fame
aduchscher
A-Z Keypad Blitz II
pecheneg
Multiple Oscar Actors
pecheneg
Mystery Phrase Blitz: Oscar 'Best Actors'
pecheneg
F. Scott Fitzgerald Novels
LTH
Pick 3 Villains
ddd62291
Trending Topics
NBA
Kpop
Marvel
Harry Potter
Crossword
Anime
Disney
Puzzle
NFL
Soccer
The Office
Country
Pokémon
WWE
Song
Your Account Isn't Verified!
In order to create a playlist on Sporcle, you need to verify the email address you used during registration. Go to your
Sporcle Settings
to finish the process.
Report this User
Report this user for behavior that violates our
Community Guidelines
.
Details:
Send Report
Go to the Sporcle.com Mobile Site →
Comments